Southville International School and Colleges
Your cart is empty.
  • Cart
  • Lists
    Public lists Eva Luna New books Lux_list list_1
    Your lists Log in to create your own lists
  • Log in to your account
  • Your cookies
  • Search history
Southville International School and Colleges
  • Advanced search
  • Recent comments
  • Most popular
  • Libraries

Log in to your account

Log in with GOOGLE


If you do not have an external account, but do have a local account, you can still log in:

  1. Home
  2. MARC view: Quick and easy wok cooking
Normal view MARC view ISBD view

Quick and easy wok cooking (Record no. 10549)

[ view plain ]
MARC details
000 -LEADER
fixed length control field 00497nam a22001817a 4500
003 - CONTROL NUMBER IDENTIFIER
control field OSt
005 - DATE AND TIME OF LATEST TRANSACTION
control field 20160127102849.0
008 - FIXED-LENGTH DATA ELEMENTS--GENERAL INFORMATION
fixed length control field 130906t xxu||||| |||| 00| 0 eng d
020 ## - INTERNATIONAL STANDARD BOOK NUMBER
International Standard Book Number 9781863431965
050 ## - LIBRARY OF CONGRESS CALL NUMBER
Classification number TX 833.5
Item number .H412 1997
082 ## - DEWEY DECIMAL CLASSIFICATION NUMBER
Classification number HS 641.58
Item number H32 1997
100 ## - MAIN ENTRY--PERSONAL NAME
Personal name Hay, Donna
9 (RLIN) 16714
245 ## - TITLE STATEMENT
Title Quick and easy wok cooking
Statement of responsibility, etc AJB
260 ## - PUBLICATION, DISTRIBUTION, ETC. (IMPRINT)
Place of publication, distribution, etc Autralia :
Name of publisher, distributor, etc AJB fairfax Press Publication,
Date of publication, distribution, etc c1997.
300 ## - PHYSICAL DESCRIPTION
Extent 82 p. ;
Other physical details ill. col. ;
Dimensions 27 cm.
942 ## - ADDED ENTRY ELEMENTS (KOHA)
Source of classification or shelving scheme Library of Congress Classification
Koha item type Books
Holdings
Withdrawn status Lost status Source of classification or shelving scheme Damaged status Home library Current library Shelving location Date acquired Source of acquisition Total Checkouts Full call number Barcode Date last seen Price effective from Koha item type
    Library of Congress Classification   Luxembourg Library Luxembourg Library High School Section 09/06/2013 Donation   TX 833.5 .H412 1997 15529 09/06/2013 09/06/2013 Books

Quick and easy wok cooking

APA

Hay D., . (1997). Quick and easy wok cooking. Autralia: AJB fairfax Press Publication.

Chicago

Hay Donna, . 1997. Quick and easy wok cooking. Autralia: AJB fairfax Press Publication.

Harvard

Hay D., . (1997). Quick and easy wok cooking. Autralia: AJB fairfax Press Publication.

MLA

Hay Donna, . Quick and easy wok cooking. Autralia: AJB fairfax Press Publication. 1997.

  • Place hold
  • Print
  • Cite
  • Add to your cart (remove)
  • Save record
    BIBTEX Dublin Core MARCXML MARC (non-Unicode/MARC-8) MARC (Unicode/UTF-8) MARC (Unicode/UTF-8, Standard) MODS (XML) RIS
  • More searches
    Search for this title in:
    Other Libraries (WorldCat) Other Databases (Google Scholar) Online Stores (Bookfinder.com) Open Library (openlibrary.org)

Exporting to Dublin Core...

SOUTHVILLE LIBRARY

Southville International School and Colleges Library

1281 Tropical Ave. Cor. Luxembourg St., BF Homes International, Las Pinas City

Tel. No. 8256374 / 252358 Loc. 117/146

Powered by Koha